Score 0/20 Timer 02:00
1 Play Today
Song Title Missing Word % Correct
_____ U Been GoneSince
96.2%
My _____ Would Suck Without YouLife
92.5%
Stronger (What Doesn't ______ You)Kill
92.1%
Because of ___You
89.7%
Piece ___ PieceBy
86.4%
___ Run RunRun
83.1%
Mr. ______ It AllKnow
76.7%
_____ IndependentMiss
75.9%
Behind These _____ EyesHazel
64%
A ____ Like ThisMoment
63.6%
Song Title Missing Word % Correct
Walk _____Away
62.6%
Catch My ______Breath
60.1%
The ______ with Love IsTrouble
47.5%
Heartbeat _____Song
47.4%
Never _____Again
39.6%
_______ DisasterBeautiful
37%
I Do Not _____ UpHook
36%
Dark _____Side
30.5%
Can I Have a _____ Kiss
24.1%
What's Up ______Lonely
17.3%

Today's Daily Dose

Remove Ads.
Support Sporcle.
Get the best of Sporcle when you Go Orange. This ad-free experience offers more features, more stats, and more fun while also helping to support Sporcle. Thank you for becoming a member.

You're not logged in!

Compare scores with friends on all Sporcle quizzes.
OR
Log In

Show Comments

Extras

Top Quizzes Today


Score Distribution

Your Account Isn't Verified!

In order to create a playlist on Sporcle, you need to verify the email address you used during registration. Go to your Sporcle Settings to finish the process.

Report this User

Report this user for behavior that violates our Community Guidelines.

Details: